header

Modular ontologies (Record no. 81634)

MARC details
000 -LEADER
fixed length control field 01331nam a2200313 a 4500
245 00 - TITLE STATEMENT
Title Modular ontologies
260 ## - PUBLICATION, DISTRIBUTION, ETC. (IMPRINT)
Place of publication Amsterdam :
Name of publisher IOS Press,
Year of publication 2010.
300 ## - PHYSICAL DESCRIPTION
Number of Pages xv, 97 p.
490 1# - SERIES STATEMENT
Series statement Frontiers in artificial intelligence and applications,
650 #0 - SUBJECT ADDED ENTRY--TOPICAL TERM
Topical Term Ontology
700 1# - ADDED ENTRY--PERSONAL NAME
Personal name Kutz, Oliver.
856 40 - ELECTRONIC LOCATION AND ACCESS
Uniform Resource Identifier http://site.ebrary.com/lib/rucke/Doc?id=10403977

No items available.

© 2026 Rongo University
Contact us: librarian | system librarian | Rongo university